[Event "Int. Stuttgarter Stadtmeisterschaft A"]
[Site "Ditzingen"]
[Date "2016.05.08"]
[Round "7.26"]
[White "Montigel, Philipp"]
[Black "Schnepel, Thomas"]
[Result "1-0"]
[WhiteElo "2097"]
[BlackElo "1907"]
[PlyCount "85"]
[EventDate "2016.??.??"]
[WhiteTeam "SV Stuttgart-Wolfbusch"]
[BlackTeam "SC Pforzheim"]

1. b3 e5 2. Bb2 Nc6 3. e3 d5 4. Bb5 Bd6 5. Nf3 Bg4 6. c4 Nge7 7. cxd5 Nxd5 8.
Bxc6+ bxc6 9. Qc2 Nb4 10. Qc4 Be6 11. Qc3 c5 12. a3 Nd5 13. Qc2 f6 14. O-O O-O
15. Rd1 Qd7 16. d3 Rab8 17. Nbd2 Qf7 18. d4 cxd4 19. exd4 exd4 20. Nxd4 Bg4 21.
Re1 Kh8 22. h3 Qh5 23. Nf1 Bd7 24. Ng3 Bxg3 25. fxg3 Rbe8 26. Qf2 Kg8 27. b4
Qg6 28. Qf3 c6 29. b5 Rxe1+ 30. Rxe1 Re8 31. Rc1 Re3 32. Qf2 cxb5 33. Rc5 Qe4
34. Rxd5 Re1+ 35. Kh2 Qb1 36. g4 Rf1 37. Qe2 Re1 38. Qd2 Rd1 39. Qc3 Rh1+ 40.
Kg3 Qe4 41. Rxd7 Qe5+ 42. Kf2 Qf4+ 43. Nf3 1-0

[Event "Int. Stuttgarter Stadtmeisterschaft A"]
[Site "Ditzingen"]
[Date "2016.05.08"]
[Round "7.27"]
[White "Döring, Stefan"]
[Black "Döring, Andreas"]
[Result "1/2-1/2"]
[WhiteElo "1945"]
[BlackElo "2085"]
[PlyCount "27"]
[EventDate "2016.??.??"]
[WhiteTeam "SC Tamm"]
[BlackTeam "SC Tamm"]

1. d4 f5 2. f4 Nf6 3. Nf3 g6 4. e3 Bg7 5. Bd3 O-O 6. Nbd2 d6 7. c3 c6 8. O-O
Be6 9. Ng5 Bd7 10. Ngf3 Be8 11. Ng5 Bd7 12. Ngf3 Kh8 13. Ng5 Qe8 14. Re1
1/2-1/2

[Event "Int. Stuttgarter Stadtmeisterschaft A"]
[Site "Ditzingen"]
[Date "2016.05.08"]
[Round "7.28"]
[White "Haug, Siegmund"]
[Black "Klaus, Dominik"]
[Result "1/2-1/2"]
[WhiteElo "1937"]
[BlackElo "2068"]
[PlyCount "94"]
[EventDate "2016.??.??"]
[WhiteTeam "SC Pforzheim"]
[BlackTeam "Ssg Fils-Lauter"]

1. c4 e5 2. g3 g6 3. Bg2 Bg7 4. Nc3 Ne7 5. d3 Nbc6 6. e3 d6 7. Nge2 Be6 8. O-O
O-O 9. Rb1 d5 10. b3 Qd7 11. Ba3 Rfd8 12. Qc1 Qe8 13. e4 dxe4 14. dxe4 Rd7 15.
Nd5 Nc8 16. Qg5 Bxd5 17. cxd5 Nd4 18. Nxd4 exd4 19. Bh3 Rd8 20. Rbc1 Nd6 21. f3
c6 22. dxc6 bxc6 23. Qc5 Nb5 24. Bb2 Nc3 25. Qc4 Nxa2 26. Rcd1 Nc3 27. Rd3 Rab8
28. Bg2 Rb6 29. f4 Rdb8 30. e5 Rb4 31. Qxc6 Qxc6 32. Bxc6 Rxb3 33. Bxc3 Rxc3
34. Rxc3 dxc3 35. Rc1 Rc8 36. Rxc3 Bf8 37. Rc4 Kg7 38. Bb5 Rb8 39. Ba4 Rb7 40.
Kg2 a5 41. Kf3 Bb4 42. g4 h5 43. gxh5 gxh5 44. f5 f6 45. e6 Kh6 46. Rd4 Kg5 47.
Ke4 h4 1/2-1/2

[Event "Int. Stuttgarter Stadtmeisterschaft A"]
[Site "Ditzingen"]
[Date "2016.05.08"]
[Round "7.29"]
[White "Weis, Olga"]
[Black "Syed, Tareq"]
[Result "0-1"]
[WhiteElo "1902"]
[BlackElo "2010"]
[PlyCount "74"]
[EventDate "2016.??.??"]
[WhiteTeam "OSG Baden-Baden"]
[BlackTeam "SC Brett vorm Kopp"]

1. e4 c6 2. d4 Na6 3. Bxa6 Qa5+ 4. Nc3 Qxa6 5. Nge2 d6 6. O-O Nf6 7. Be3 e5 8.
Ng3 Qa5 9. Qd2 Ng4 10. h3 Nxe3 11. fxe3 f6 12. Qd1 Qc7 13. d5 c5 14. Nb5 Qb6
15. c4 a6 16. Nc3 Be7 17. Nh5 O-O 18. Ng3 g6 19. Qc2 Bd7 20. b3 Qa7 21. a4 Bd8
22. Rfc1 Ba5 23. Nd1 Qb8 24. Qe2 b5 25. Nf2 bxa4 26. bxa4 Kg7 27. Rcb1 Qa7 28.
Rb3 Rab8 29. Rab1 Rxb3 30. Rxb3 Rb8 31. Qb2 Rxb3 32. Qxb3 Qb6 33. Qa2 Qb4 34.
Ng4 Qxa4 35. Qf2 Bd8 36. Nf1 h5 37. Ngh2 Qxc4 0-1

[Event "Int. Stuttgarter Stadtmeisterschaft A"]
[Site "Ditzingen"]
[Date "2016.05.08"]
[Round "7.30"]
[White "Cummings, Nicolai"]
[Black "Schömbs, Oliver"]
[Result "1/2-1/2"]
[WhiteElo "1996"]
[BlackElo "1890"]
[PlyCount "29"]
[EventDate "2016.??.??"]
[WhiteTeam "SC Ingersheim"]
[BlackTeam "SC Ingersheim"]

1. d4 Nf6 2. c4 c5 3. d5 b5 4. cxb5 a6 5. bxa6 g6 6. Nc3 Bxa6 7. e4 Qa5 8. e5
Ne4 9. Qf3 Nxc3 10. Qxc3 Qxc3+ 11. bxc3 Bg7 12. f4 d6 13. Bxa6 Rxa6 14. Nf3 Nd7
15. O-O 1/2-1/2

[Event "Int. Stuttgarter Stadtmeisterschaft A"]
[Site "Ditzingen"]
[Date "2016.05.08"]
[Round "7.31"]
[White "Reindl, Arno"]
[Black "Pfeifer, Wilfried"]
[Result "1/2-1/2"]
[WhiteElo "1738"]
[BlackElo "1995"]
[PlyCount "25"]
[EventDate "2016.??.??"]
[WhiteTeam "SG Schwäbisch Gmünd"]
[BlackTeam "TSF Ditzingen"]

1. e4 c6 2. d4 d5 3. e5 c5 4. c4 Nc6 5. Nf3 e6 6. Be3 cxd4 7. Bxd4 dxc4 8. Bxc4
Bb4+ 9. Bc3 Qxd1+ 10. Kxd1 Be7 11. Ke2 Bd7 12. Nbd2 f5 13. Rac1 1/2-1/2

[Event "Int. Stuttgarter Stadtmeisterschaft A"]
[Site "Ditzingen"]
[Date "2016.05.08"]
[Round "7.32"]
[White "Kast, Joannis"]
[Black "Viehoff, Jürgen"]
[Result "1-0"]
[WhiteElo "1985"]
[BlackElo "1824"]
[PlyCount "83"]
[EventDate "2016.??.??"]
[WhiteTeam "SK Jöhlingen"]
[BlackTeam "SC Stetten a.d.F."]

1. e4 c6 2. c4 d5 3. cxd5 cxd5 4. exd5 a6 5. Nc3 Nf6 6. Qb3 Nbd7 7. a4 Nb6 8.
Bc4 Nxc4 9. Qxc4 g6 10. Nf3 Bg7 11. O-O O-O 12. Re1 Re8 13. d4 b6 14. Bg5 Bb7
15. Bxf6 Bxf6 16. Qb3 Qd6 17. Ne4 Qxd5 18. Nxf6+ exf6 19. Qxb6 Re6 20. Rxe6
fxe6 21. Rc1 Qe4 22. Re1 Qc6 23. Rxe6 Qxb6 24. Rxb6 Bxf3 25. gxf3 Rd8 26. Rxf6
Rxd4 27. Rxa6 Rb4 28. Ra7 Rxb2 29. Kg2 Ra2 30. a5 Kh8 31. Kg3 Kg8 32. f4 h6 33.
f3 Kh8 34. h3 Ra3 35. h4 h5 36. f5 gxf5 37. Kf4 Kg8 38. Kxf5 Rxf3+ 39. Kg6 Rg3+
40. Kxh5 Kf8 41. a6 Ke8 42. Rh7 1-0

[Event "Int. Stuttgarter Stadtmeisterschaft A"]
[Site "Ditzingen"]
[Date "2016.05.08"]
[Round "7.33"]
[White "Cummings, Orlyn"]
[Black "Kasüschke, Lars"]
[Result "1/2-1/2"]
[WhiteElo "1884"]
[BlackElo "2013"]
[PlyCount "80"]
[EventDate "2016.??.??"]
[WhiteTeam "SK Schmiden/Cannstatt"]
[BlackTeam "SG Schwäbisch Gmünd"]

1. e4 c5 2. c4 Nc6 3. Ne2 Nf6 4. Nbc3 d6 5. d4 cxd4 6. Nxd4 g6 7. Be2 Bg7 8.
Be3 O-O 9. O-O Nd7 10. Nc2 Nc5 11. f3 Ne5 12. Rb1 Bd7 13. Qd2 a6 14. Rfd1 Na4
15. Nxa4 Bxa4 16. b3 Bd7 17. h3 Qc7 18. Nb4 Be6 19. Nd5 Bxd5 20. exd5 b6 21.
Bf1 Rab8 22. Rdc1 Qb7 23. Rc2 Rfc8 24. Rbc1 Nd7 25. b4 Nf6 26. Bg5 Qa7 27. Kh1
Nh5 28. g4 Ng3+ 29. Kg2 Nxf1 30. Kxf1 Qb7 31. Qe2 h6 32. Bf4 b5 33. cxb5 Rxc2
34. Rxc2 axb5 35. Qd3 Ra8 36. h4 Ra4 37. Bd2 Qa6 38. Be1 Ra3 39. Qe2 Bf6 40.
Kg2 Qa4 1/2-1/2

[Event "Int. Stuttgarter Stadtmeisterschaft A"]
[Site "Ditzingen"]
[Date "2016.05.08"]
[Round "7.34"]
[White "Stoll, Katja"]
[Black "Wirth, Steffen"]
[Result "1/2-1/2"]
[WhiteElo "1870"]
[BlackElo "2001"]
[PlyCount "55"]
[EventDate "2016.??.??"]
[WhiteTeam "SC Weiße Dame Ulm"]
[BlackTeam "SSV Zuffenhausen"]

1. e4 c5 2. Nf3 e6 3. d4 cxd4 4. Nxd4 Nc6 5. Nc3 Qc7 6. g3 a6 7. Bg2 Nf6 8. Nb3
Na5 9. Nxa5 Qxa5 10. O-O h5 11. Bd2 Qc7 12. Bf4 d6 13. Re1 Ng4 14. Qe2 Ne5 15.
Be3 b5 16. f4 Nc4 17. e5 d5 18. Bf2 Bc5 19. f5 Bxf2+ 20. Qxf2 Qa7 21. b3 Qxf2+
22. Kxf2 Nb6 23. Ke3 Bd7 24. Ne2 exf5 25. Nf4 Be6 26. Kd4 Rc8 27. Rac1 h4 28.
Nd3 1/2-1/2

[Event "Int. Stuttgarter Stadtmeisterschaft A"]
[Site "Ditzingen"]
[Date "2016.05.08"]
[Round "7.35"]
[White "Gheng, Dominik"]
[Black "Herold, Hansjoerg"]
[Result "1/2-1/2"]
[WhiteElo "1840"]
[BlackElo "1983"]
[PlyCount "120"]
[EventDate "2016.??.??"]
[WhiteTeam "Schach-Kids Bernhausen"]
[BlackTeam "SV Böckingen"]

1. e4 d6 2. d4 g6 3. Nc3 Bg7 4. Be3 a6 5. Qd2 Nf6 6. f3 h5 7. O-O-O c6 8. e5
dxe5 9. dxe5 Qxd2+ 10. Rxd2 Nh7 11. Na4 Nd7 12. e6 fxe6 13. Bd3 Kf7 14. Kb1
Nhf6 15. Nh3 Nd5 16. Ng5+ Kg8 17. Bf2 Ne5 18. Nb6 Nxb6 19. Bxb6 Bf6 20. Ne4 Kf7
21. Re1 Nxd3 22. Rxd3 e5 23. Nc5 Bf5 24. Rdd1 Kg7 25. Nd3 e4 26. fxe4 Bg4 27.
Rd2 Bg5 28. Bd4+ Kh6 29. Rf2 Rhf8 30. Ref1 Rxf2 31. Rxf2 Rd8 32. Bc3 Be6 33. b3
c5 34. Rf1 b6 35. Be5 Rc8 36. g3 c4 37. Nb4 cxb3 38. axb3 a5 39. Nd5 b5 40. h4
Bd2 41. Nxe7 Re8 42. Bd6 Bc3 43. e5 Bxe5 44. Bxe5 Rxe7 45. Rf8 Bg8 46. Bf4+ Kg7
47. Ra8 a4 48. bxa4 bxa4 49. Rxa4 Rb7+ 50. Kc1 Be6 51. Be5+ Kf7 52. c4 Bd7 53.
Ra3 Rb4 54. Rc3 Be6 55. c5 Rc4 56. Rxc4 Bxc4 57. c6 Ke6 58. c7 Ba6 59. Bf4 Bc8
60. Kd2 Kd5 1/2-1/2

[Event "Int. Stuttgarter Stadtmeisterschaft A"]
[Site "Ditzingen"]
[Date "2016.05.08"]
[Round "7.36"]
[White "Nettelbeck, Jann"]
[Black "Lehmann, Stefan"]
[Result "0-1"]
[WhiteElo "1821"]
[BlackElo "1903"]
[PlyCount "80"]
[EventDate "2016.??.??"]
[WhiteTeam "SC Bad Bergzabern"]
[BlackTeam "Ssg Fils-Lauter"]

1. d4 Nf6 2. c4 e6 3. Nf3 b6 4. a3 Bb7 5. Nc3 Be7 6. Bg5 O-O 7. e3 d6 8. Bd3 h6
9. Bh4 Nbd7 10. h3 e5 11. Qc2 exd4 12. Nxd4 Ne5 13. Bf1 Qd7 14. Rg1 Ng6 15. Bg3
Rfe8 16. Bd3 Ne5 17. Bxe5 dxe5 18. Nf5 Bf8 19. O-O-O Qe6 20. e4 c6 21. g4 Nh7
22. h4 g6 23. h5 g5 24. f4 exf4 25. e5 Qxe5 26. Nxh6+ Bxh6 27. Bxh7+ Kh8 28.
Ne4 Rad8 29. Rge1 f3 30. Nd6 Qf4+ 31. Kb1 Rxe1 32. Qc3+ Kxh7 33. Qd3+ Kg8 34.
Rxe1 Rxd6 35. Re8+ Kg7 36. Qc3+ Qd4 37. Qe1 Qd1+ 38. Qxd1 Rxd1+ 39. Kc2 f2 40.
Kxd1 f1=Q+ 0-1

[Event "Int. Stuttgarter Stadtmeisterschaft A"]
[Site "Ditzingen"]
[Date "2016.05.08"]
[Round "7.37"]
[White "Pfrommer, Martin"]
[Black "Baars, Mario"]
[Result "1-0"]
[WhiteElo "2013"]
[BlackElo "1775"]
[PlyCount "115"]
[EventDate "2016.??.??"]
[WhiteTeam "SV Schorndorf"]
[BlackTeam "SG Schwäbisch Gmünd"]

1. e4 c6 2. d4 d5 3. e5 Bf5 4. Nf3 e6 5. Be3 Nd7 6. Nbd2 Ne7 7. Nh4 h6 8. f4
Bh7 9. Nb3 Nf5 10. Nxf5 Bxf5 11. Bd3 Bxd3 12. Qxd3 a5 13. O-O Be7 14. f5 a4 15.
fxe6 axb3 16. exd7+ Qxd7 17. Qxb3 O-O 18. c4 dxc4 19. Qxc4 Ra5 20. a4 Rd5 21.
a5 c5 22. dxc5 Rxe5 23. Rae1 Qc6 24. b4 Re4 25. Qb3 Rg4 26. Re2 Qb5 27. Rb2 Bf6
28. Rbb1 Re8 29. Bf2 Ree4 30. Rbe1 Rxb4 31. Qd5 Rg5 32. Qf3 Qxa5 33. Re8+ Kh7
34. Qd3+ Rg6 35. Rc8 Qb5 36. Qf5 Rbg4 37. g3 R4g5 38. Qc2 Qd7 39. Rf8 Qe7 40.
Ra8 Qd7 41. Re1 Re5 42. Rd1 Rd5 43. Rxd5 Qxd5 44. Ra4 Qd8 45. Qe4 Qe7 46. Qb1
Qe2 47. Rb4 Qd2 48. Qe4 h5 49. Rxb7 h4 50. Rb4 Qd1+ 51. Qe1 Qd3 52. Kg2 h3+ 53.
Kxh3 Bc3 54. Rh4+ Rh6 55. Rxh6+ Kxh6 56. Qe3+ Qxe3 57. Bxe3+ Kg6 58. c6 1-0

[Event "Int. Stuttgarter Stadtmeisterschaft A"]
[Site "Ditzingen"]
[Date "2016.05.08"]
[Round "7.38"]
[White "Richter, Nils"]
[Black "Zeh, Rolf"]
[Result "1-0"]
[WhiteElo "1826"]
[BlackElo "1957"]
[PlyCount "55"]
[EventDate "2016.??.??"]
[WhiteTeam "TSV/RSK Esslingen"]
[BlackTeam "SV Böckingen"]

1. e4 c5 2. Nf3 e6 3. d4 cxd4 4. Nxd4 Nf6 5. Nc3 d6 6. Be3 a6 7. a4 Qc7 8. Be2
b6 9. f4 Nbd7 10. Bf3 Bb7 11. Nb3 Rc8 12. O-O Be7 13. Kh1 h5 14. Qe2 Qb8 15.
Bg1 e5 16. Nd5 Bxd5 17. exd5 exf4 18. Nd4 Ne5 19. Nc6 Qc7 20. Qxa6 Nfd7 21.
Rad1 g5 22. Nxe5 dxe5 23. d6 Bxd6 24. Rxd6 O-O 25. Rc6 Nb8 26. Rxc7 Nxa6 27.
Rxc8 Rxc8 28. Bb7 1-0

[Event "Int. Stuttgarter Stadtmeisterschaft A"]
[Site "Ditzingen"]
[Date "2016.05.08"]
[Round "7.39"]
[White "Imhof, Thomas"]
[Black "Müller, Dennis"]
[Result "1-0"]
[WhiteElo "1930"]
[BlackElo "1801"]
[PlyCount "113"]
[EventDate "2016.??.??"]
[WhiteTeam "SGem Vaihingen-Rohr"]
[BlackTeam "SC Kreut"]

1. e4 e5 2. Nf3 d6 3. d4 exd4 4. Nxd4 Nf6 5. Nc3 Be7 6. Be2 O-O 7. O-O Re8 8.
Re1 Bf8 9. Bd3 Nc6 10. Nb3 Ne5 11. Bg5 c6 12. f4 Nxd3 13. cxd3 Be7 14. d4 h6
15. Bh4 Ng4 16. Bxe7 Qxe7 17. Qf3 Qh4 18. h3 Nf6 19. e5 dxe5 20. fxe5 Nh7 21.
Ne4 Ng5 22. Nxg5 Qxg5 23. Nc5 Qd2 24. Qc3 Qxc3 25. bxc3 b6 26. Ne4 Bb7 27. Nd6
Re7 28. c4 g6 29. e6 fxe6 30. Nxb7 Rxb7 31. Rxe6 Rd7 32. Rxg6+ Kh7 33. Rxc6
Rxd4 34. Re1 Rg8 35. Ree6 Rd1+ 36. Kh2 Rc1 37. Rxh6+ Kg7 38. Rhg6+ Kf7 39. Rxg8
Kxg8 40. Rc8+ Kg7 41. Rc7+ Kg6 42. Rxa7 Rxc4 43. a4 Kg5 44. a5 bxa5 45. Rxa5+
Kg6 46. g4 Rc2+ 47. Kg3 Rc3+ 48. Kh4 Rb3 49. Ra6+ Kh7 50. g5 Rc3 51. Kg4 Rc4+
52. Kf5 Rh4 53. Ra7+ Kg8 54. Kg6 Kf8 55. Rh7 Ra4 56. Rh8+ Ke7 57. Kg7 1-0

[Event "Int. Stuttgarter Stadtmeisterschaft A"]
[Site "Ditzingen"]
[Date "2016.05.08"]
[Round "7.40"]
[White "Ruff, Robert"]
[Black "Gauer, Jakob"]
[Result "1/2-1/2"]
[WhiteElo "1871"]
[BlackElo "1801"]
[PlyCount "48"]
[EventDate "2016.??.??"]
[WhiteTeam "SK Sachsenheim"]
[BlackTeam "SC Ostfildern"]

1. d4 d5 2. c4 e6 3. Nc3 Nf6 4. Bg5 Be7 5. cxd5 exd5 6. Qc2 c6 7. e3 Nbd7 8.
Bd3 O-O 9. Nf3 Re8 10. O-O Nf8 11. Rab1 a5 12. a3 Ne4 13. Bxe7 Qxe7 14. b4 axb4
15. axb4 Bd7 16. Ne5 Nxc3 17. Qxc3 f6 18. Nxd7 Nxd7 19. b5 c5 20. dxc5 Nxc5 21.
Bf5 g6 22. Bh3 Ne4 23. Qd4 Qe5 24. Qxe5 fxe5 1/2-1/2

[Event "Int. Stuttgarter Stadtmeisterschaft A"]
[Site "Ditzingen"]
[Date "2016.05.08"]
[Round "7.41"]
[White "Schmidt, Markus"]
[Black "Baumeister, Jürgen"]
[Result "0-1"]
[WhiteElo "1901"]
[BlackElo "1814"]
[PlyCount "120"]
[EventDate "2016.??.??"]
[WhiteTeam "Stuttgarter SF"]
[BlackTeam "SC Asperg"]

1. e4 c5 2. Nf3 e6 3. d4 cxd4 4. Nxd4 Qb6 5. Nb3 Nc6 6. Bd3 Nf6 7. Be3 Qc7 8.
f4 b6 9. c3 Bb7 10. N1d2 Ne7 11. a4 d5 12. e5 Nd7 13. O-O g6 14. Nd4 a6 15. g4
h5 16. g5 Bg7 17. N2f3 Nc5 18. Nh4 O-O-O 19. Rf2 Ne4 20. Bxe4 dxe4 21. Qb3 Nd5
22. Ng2 h4 23. h3 Rh5 24. Nc2 Nxe3 25. Ncxe3 Rd3 26. Nc4 Bd5 27. Nxb6+ Kd8 28.
Nxd5 Rxd5 29. Rd1 Rxd1+ 30. Qxd1+ Ke8 31. Qd6 Qxd6 32. exd6 Kd7 33. Rd2 e5 34.
Rd5 f6 35. c4 exf4 36. gxf6 Bxf6 37. Rxh5 gxh5 38. Nxf4 Bxb2 39. Kf2 Bd4+ 40.
Ke2 Kxd6 41. Nxh5 Ke5 42. Ng7 Bc3 43. Ke3 Bb4 44. Ne8 Bc5+ 45. Kd2 Bb6 46. Ke2
Kf4 47. Nf6 Bd4 48. Nd5+ Kg3 49. Nb4 a5 50. Nc6 Bb6 51. c5 Bxc5 52. Nxa5 Kxh3
53. Nb3 Ba7 54. Nd2 Kg2 55. a5 h3 56. Nf1 Bc5 57. a6 h2 58. Nxh2 Kxh2 59. Kf1
Ba7 60. Ke2 Kg2 0-1